Statistics for Countries With a GDP Over 1 Trillion US Dollars

Click here to take the quiz!

General Stats

  • This quiz has been taken 24 times
  • The average score is 18 of 19

Answer Stats

HintAnswer% Correct
2.08 Tr.Brazil
100%
2.93 Tr.France
100%
4.3 Tr.Germany
100%
4.4 Tr.Japan
100%
2.06 Tr.Russia
100%
3.15 Tr.UK
100%
26.85 Tr.USA
100%
2.08 Tr.Canada
94%
19.37 Tr.China
94%
3.73 Tr.India
94%
2.16 Tr.Italy
94%
1.06 Tr.Saudi Arabia
94%
1.49 Tr.Spain
94%
1.03 Tr.Turkïye
94%
1.71 Tr.Australia
88%
1.39 Tr.Indonesia
88%
1.66 Tr.Mexico
88%
1.72 Tr.South Korea
88%
1.08 Tr.Netherlands
76%

Score Distribution

Percentile by Number Answered

Percent of People with Each Score

Your Score History

You have not taken this quiz